Normal view
MARC view
- Rashida Patel
Entry Personal Name
001 - CONTROL NUMBER
- control field: 109816
003 - CONTROL NUMBER IDENTIFIER
- control field: NUST
005 - DATE AND TIME OF LATEST TRANSACTION
- control field: 20230306112408.0
008 - FIXED-LENGTH DATA ELEMENTS
- fixed length control field: 230306|| aca||aabn | a|a d
040 ## - CATALOGING SOURCE
- Original cataloging agency: NUST
- Transcribing agency: NUST
100 ## - HEADING--PERSONAL NAME
- Personal name: Rashida Patel
670 ## - SOURCE DATA FOUND
- Source citation: Work cat.: (NUST)184735: Rashida Patel., Women and law in Pakistan /, 1979.
